北京地铁9号线地铁站 - Statistics

General Stats
  • This quiz has been taken 19 times
  • The average score is 11 of 13
Answer Stats
Transfers Stations % Correct
4号线 16号线 国家图书馆
100%
7号线 北京西站
100%
1号线 军事博物馆
93%
6号线 白石桥南
87%
六里桥东
87%
10号线 六里桥
87%
16号线 丰台南路
87%
房山线 郭公庄
87%
白堆子
80%
丰台科技园
73%
14号线 七里庄
67%
丰台东大街
67%
科怡路
67%
No matching quizzes found
Score Distribution
Percent of People with Each Score
Percentile by Number Answered
Your Score History
You have not taken this quiz